Vysoké Tatry ráno pri Piatich Spišských plesách v pozadí Téryho chata

Bibliographic Details
Format: Postcard
Language:Slovak
PhysicalDescription:1 pohľadnica čiernobiela 9 x 14 cm
Published: [Bratislava] Tatran 1945
Subjects:

MARC

LEADER 00000nkm a2200000 a 4500
001 vtls011559603
003 SK-MaSNL
005 20260512122809.0
007 kp bo
008 231214s1945 xo g kuslo
015 |a SNBG 
035 |a urn:nbn:sk:snk-km00bkz7 
035 |a urn:nbn:sk:snk-km3lnjf 
035 |a 97AB3994-3348-4409-91BE-0E41446AFB20 
040 |a SNK  |b slo  |c SNK  |e AACR2 
041 0 |a slo 
043 |a e-xo--- 
044 |a xo  |c SK 
080 |a 913(437.6)  |2 2011 
080 |a 551.332.56(234.372.4)  |2 2011 
080 |a 728.61(234.372.4)  |2 2011 
080 |a (437.6)  |2 2011 
080 |a (234.372.4)  |2 2011 
080 |a (084.121)  |2 2011 
245 0 0 |a Vysoké Tatry  |h grafika  |b ráno pri Piatich Spišských plesách v pozadí Téryho chata 
260 |a [Bratislava]  |b Tatran  |c 1945 
300 |a 1 pohľadnica  |b čiernobiela  |c 9 x 14 cm 
610 2 7 |a Téryho chata (Vysoké Tatry, Slovensko)  |2 SNKKA  |9 54573 
650 0 7 |a horské plesá  |2 SNKPH  |9 171908 
650 0 7 |a chaty  |2 SNKPH  |9 29339 
651 7 |a Vysoké Tatry (Poľsko a Slovensko : pohorie)  |2 SNKPHgeo  |9 67729 
651 7 |a Päť Spišských plies (Vysoké Tatry, Slovensko)  |2 SNKPH  |9 117635 
655 7 |a miestne pohľadnice  |2 SNKPH  |9 70510 
852 |a Slovenská národná knižnica 
958 |a GC 
958 |a GBN 
958 |a OND 
999 |c 673539  |d 675469 
952 |a SNK  |b SNK  |y PREZ  |7 0  |p 17A1178653  |o snkSP 4993  |0 0  |1 0  |4 0  |d 2016-06-13  |f 1  |l 0  |r 2026-02-23 19:33:47  |w 2026-02-23